LEADER 04389nam 22005295 450 001 9910483098403321 005 20200711035150.0 010 $a3-658-12157-2 024 7 $a10.1007/978-3-658-12157-0 035 $a(CKB)4100000002891312 035 $a(MiAaPQ)EBC5355986 035 $a(DE-He213)978-3-658-12157-0 035 $a(PPN)225549387 035 $a(EXLCZ)994100000002891312 100 $a20180308d2017 u| 0 101 0 $ager 135 $aurcnu|||||||| 181 $ctxt$2rdacontent 182 $cc$2rdamedia 183 $acr$2rdacarrier 200 10$aKompendium Standortstrategien für Unternehmensimmobilien $eDie Standortplanung als Teil der internationalen Unternehmensführung /$fvon Thomas Glatte 205 $a1st ed. 2017. 210 1$aWiesbaden :$cSpringer Fachmedien Wiesbaden :$cImprint: Springer Vieweg,$d2017. 215 $a1 online resource (306 pages) 225 1 $aLeitfaden des Baubetriebs und der Bauwirtschaft,$x1615-6013 311 $a3-658-12156-4 327 $aEinführung -- Die Grundlagen des betrieblichen Immobilienmanagements -- Die Grundlagen der Projektentwicklung -- Die Grundlagen der Industriestandortlehre -- Die Standortkriterien für Unternehmensimmobilien -- Die Standortbestimmungsmethoden für Unternehmensimmobilien -- Der Standortbestimmungsprozess für Unternehmensimmobilien -- Die Standortbestimmung in der Praxis: Fallstudie -- Zusammenfassung -- Literaturverzeichnis -- Anhang. 330 $aDieses Fachbuch beschäftigt sich mit neuen Aspekten der Standortplanung durch die Globalisierung industrieller Produktion.Dabei werden die immobilienwirtschaftlichen Anforderungen an die Planungs- und Analyseprozesse von Industrieunternehmen im internationalen Umfeld untersucht, anwendbare Methoden werden geprüft und ein umfassender Standortkriterienkatalog aufgestellt. Bereits existierende Erkenntnisse zur Thematik werden aufgegriffen und im immobilienwirtschaftlichen wie auch internationalen Kontext weiterentwickelt. Die sich daraus ergebenen Herausforderungen für die Standortentwicklung werden mittels praktischer Beispiele dargestellt und unterschiedliche Handlungsalternativen kritisch beleuchtet. Der Inhalt Einführung - Die Grundlagen des betrieblichen Immobilienmanagements - Die Grundlagen der Projektentwicklung - Die Grundlagen der Industriestandortlehre - Die Standortkriterien für Unternehmensimmobilien - Die Standortbestimmungsmethoden für Unternehmensimmobilien - Der Standortbestimmungsprozess für Unternehmensimmobilien - Die Standortbestimmung in der Praxis: Fallstudie - Zusammenfassung - Literaturverzeichnis - Anhang Die Zielgruppen Studierende und Wissenschaftler der Fachbereiche Bauingenieurwesen, Architektur und Immobilien- und Betriebswirtschaft an Hochschulen und Universitäten sowie Praktiker in der strategischen Unternehmensplanung, in der Supply Chain Konzeption und in der Bau- und Immobilienwirtschaft wie Projektentwickler, Architekten, Anlagenbauer, Fabrikplaner, Fachplaner, Corporate Real Estate Manager, Facility Manager, Bauherren und Investoren. Der Autor Dr.-Ing. Thomas Glatte, Director Group Real Estate & Facility Management, BASF SE sowie Lehrbeauftragter der TU Dresden und Universität Stuttgart, Dozent an der IREBS Immobilienakademie und Autor zahlreicher Fachpublikationen zu Unternehmensimmobilien und zur Projektentwicklung in der Immobilienwirtschaft. 410 0$aLeitfaden des Baubetriebs und der Bauwirtschaft,$x1615-6013 606 $aBuilding?Superintendence 606 $aConstruction industry?Management 606 $aBuilding$xSuperintendence 606 $aReal estate management 606 $aConstruction Management$3https://scigraph.springernature.com/ontologies/product-market-codes/T23039 606 $aReal Estate Management$3https://scigraph.springernature.com/ontologies/product-market-codes/527040 615 0$aBuilding?Superintendence. 615 0$aConstruction industry?Management. 615 0$aBuilding$xSuperintendence. 615 0$aReal estate management. 615 14$aConstruction Management. 615 24$aReal Estate Management. 676 $a333.5068 700 $aGlatte$b Thomas$4aut$4http://id.loc.gov/vocabulary/relators/aut$01226769 906 $aBOOK 912 $a9910483098403321 996 $aKompendium Standortstrategien für Unternehmensimmobilien$92848499 997 $aUNINA